• 首页
  • 本馆介绍
  • 公告通知
  • 最新文献
  • 馆藏检索
  • 电子资源
  • 读者导购
  • 参考咨询
  • 我的图书馆
  • 登录
  • 详细信息显示
  • 放入我的书架
  • 预约/预借图书
  • 作者相关作品
  • 分类相关作品
  • 丛书相关作品
  • 出版社相关作品

书目信息

  • 表格格式
  • 工作单格式
  • 卡片格式
题名:
公差配合与技术测量
    
 
作者: 王广涛 编
分册:  
出版信息: 北京   中国铁道出版社  1982
页数: 251页
开本: 25cm
丛书名:
单 册:
中图分类: TG801
科图分类:
主题词: 配合 , 技术测量 , 公差
电子资源:
ISBN:
000 00649nam0 2200253 45
001 0182011283
005 20070724083219.84
010    @dCNY1.70
091    @aCN@b15043.5267
100    @a19950701d1982 em y0chiy0121 ea
101 0  @achi
102    @aCN@b110000
105    @ay z 000yy
200 10 @a公差配合与技术测量@Agong cha pei ge yu ji shu ce liang@f王广涛编
210    @a北京@c中国铁道出版社@d1982@h1984
215    @a251页@d25cm
606    @a配合
606    @a技术测量
606    @a公差
690    @aTG801@v3
701  0 @a王广涛@Awang guang tao@4编
801  2 @aCN@bNLC@c20070724
801  0 @aCN@bTSSF
905    @a10447@dTG801@e15
    
    公差配合与技术测量/王广涛编.-北京:中国铁道出版社,1982(1984)
    251页;25cm
    
    
    ISBN :CNY1.70
    
●
相关链接 在E读中查询图书 在五车中查询图书 在当当中查询图书 在豆瓣中查询图书


正题名:公差配合与技术测量     索取号:TG801/15         预约/预借

序号 登录号 条形码 馆藏地/架位号 状态 备注
1 0768468   207684683   第二样本阅览室/ [索取号:TG801/15] 在馆    
唐山师范学院图书馆 欢迎您!
大连网信软件有限公司© 版权所有